[Event "LYM - Maîtres vs Espoirs"]
[Site "Lausanne - Casino de Montbenon"]
[Date "2004.09.15"]
[Round "1"]
[White "Antognini, Francesco"]
[Black "Gheorghiu, Florin"]
[Result "1/2-1/2"]
[WhiteElo "2193"]
[BlackElo "2394"]
[PlyCount "34"]
[EventDate "2004.??.??"]

1. e4 c5 2. Nf3 e6 3. d4 cxd4 4. Nxd4 a6 5. Bd3 Nf6 6. O-O d6 7. c4 g6 8. b3
Bg7 9. Bb2 Nbd7 10. Nc3 O-O 11. Nde2 d5 12. cxd5 exd5 13. Nxd5 Nxd5 14. Bxg7
Kxg7 15. exd5 Nf6 16. Nf4 Nxd5 17. Nxd5 Qxd5 1/2-1/2

[Event "LYM - Maîtres vs Espoirs"]
[Site "Lausanne - Casino de Montbenon"]
[Date "2004.09.15"]
[Round "1"]
[White "Carron, Julien"]
[Black "Lamoureux, Charles"]
[Result "1-0"]
[WhiteElo "2273"]
[BlackElo "2393"]
[PlyCount "73"]
[EventDate "2004.??.??"]

1. d4 d6 2. Nf3 g6 3. c4 Bg7 4. Nc3 e5 5. g3 Nc6 6. dxe5 Nxe5 7. Bg2 Nxf3+ 8.
Bxf3 Nf6 9. O-O O-O 10. Qd2 a6 11. Rd1 Nd7 12. b3 Rb8 13. Bb2 b5 14. cxb5 axb5
15. Rac1 Bb7 16. Nd5 Bxd5 17. Bxg7 Kxg7 18. Bxd5 b4 19. Rc4 c5 20. Bg2 Rb6 21.
Bh3 Ne5 22. Rxc5 dxc5 23. Qxd8 Rxd8 24. Rxd8 Ra6 25. f4 Nc6 26. Rd6 Nb8 27.
Rxa6 Nxa6 28. Kf2 Nc7 29. Ke3 Nd5+ 30. Kd3 Nb6 31. e4 Kf6 32. e5+ Ke7 33. Ke4
f5+ 34. exf6+ Kxf6 35. Bf1 Ke6 36. Bc4+ Kd6 37. g4 1-0

[Event "LYM - Maîtres vs Espoirs"]
[Site "Lausanne - Casino de Montbenon"]
[Date "2004.09.15"]
[Round "1"]
[White "Raetsky, Alexander"]
[Black "Marcelin, Cyril"]
[Result "1/2-1/2"]
[WhiteElo "2399"]
[BlackElo "2451"]
[PlyCount "57"]
[EventDate "2004.??.??"]

1. d4 Nf6 2. c4 g6 3. Nc3 d5 4. Nf3 Bg7 5. Bg5 Ne4 6. cxd5 Nxg5 7. Nxg5 e6 8.
Nf3 exd5 9. b4 O-O 10. e3 Bg4 11. Be2 Qd6 12. Qb3 c6 13. O-O Nd7 14. b5 Rfc8
15. Rac1 Be6 16. Rfd1 Nb6 17. a4 c5 18. Qa3 Qf8 19. a5 cxd4 20. Qxf8+ Kxf8 21.
Nxd4 Nc4 22. a6 bxa6 23. bxa6 Nb2 24. Re1 Rc5 25. Ncb5 Nc4 26. Nd6 Bxd4 27.
exd4 Ra5 28. Nxc4 dxc4 29. Bxc4 1/2-1/2

[Event "LYM - Maîtres vs Espoirs"]
[Site "Lausanne - Casino de Montbenon"]
[Date "2004.09.15"]
[Round "1"]
[White "Tukmakov, Vladimir"]
[Black "Bucher, Denis"]
[Result "1-0"]
[WhiteElo "2564"]
[BlackElo "2357"]
[PlyCount "53"]
[EventDate "2004.??.??"]

1. Nf3 Nf6 2. c4 c6 3. d4 d5 4. e3 a6 5. Bd3 Bg4 6. Nbd2 Nbd7 7. O-O b5 8. cxd5
cxd5 9. e4 dxe4 10. Nxe4 e6 11. a4 b4 12. a5 Nd5 13. h3 Bxf3 14. Qxf3 Be7 15.
Qg4 g6 16. Qe2 Qc8 17. Bh6 Qb7 18. Rfc1 Bf8 19. Bc4 N7f6 20. Bg7 Nxe4 21. Bxh8
Nd6 22. Bxd5 Qxd5 23. Rc5 Qb7 24. Rac1 Nb5 25. Rc6 Rd8 26. Qe4 Qa7 27. d5 1-0

[Event "LYM - Maîtres vs Espoirs"]
[Site "Lausanne - Casino de Montbenon"]
[Date "2004.09.15"]
[Round "1"]
[White "Huss, Andreas"]
[Black "Pinol, Fabrice"]
[Result "1-0"]
[WhiteElo "2334"]
[BlackElo "2210"]
[PlyCount "49"]
[EventDate "2004.??.??"]

1. d4 Nf6 2. c4 g6 3. Nc3 Bg7 4. e4 d6 5. Nf3 O-O 6. Be2 e5 7. d5 Nbd7 8. Bg5
a5 9. Nd2 Nc5 10. O-O h6 11. Be3 b6 12. a3 Nh7 13. b4 axb4 14. axb4 Rxa1 15.
Qxa1 Nd7 16. Qa7 f5 17. f3 Ndf6 18. Nb5 Ne8 19. Qb8 f4 20. Bf2 Bf6 21. c5 dxc5
22. bxc5 c6 23. Na7 Qd7 24. Nxc8 Nc7 25. Nxb6 1-0

[Event "LYM - Maîtres vs Espoirs"]
[Site "Lausanne - Casino de Montbenon"]
[Date "2004.09.16"]
[Round "2"]
[White "Bucher, Denis"]
[Black "Huss, Andreas"]
[Result "1-0"]
[WhiteElo "2357"]
[BlackElo "2334"]
[PlyCount "69"]
[EventDate "2004.09.16"]

1. e4 e6 2. d4 d5 3. Nc3 Bb4 4. e5 Qd7 5. a3 Bxc3+ 6. bxc3 b6 7. Qg4 f5 8. Qg3
Nc6 9. a4 Bb7 10. Ba3 O-O-O 11. h4 Qf7 12. Nh3 h6 13. Nf4 Nge7 14. h5 Rhe8 15.
Bb4 a5 16. Ba3 Nb8 17. Rh3 Nec6 18. Qf3 Ba6 19. Bxa6+ Nxa6 20. Qd3 Kb7 21. Rg3
Rc8 22. Rb1 Qd7 23. Qb5 Qf7 24. Rg6 Nab8 25. Kf1 Na7 26. Qb3 Nbc6 27. c4 Nxd4
28. Qc3 Nac6 29. cxd5 exd5 30. Bc5 Ne6 31. Nxd5 Nxc5 32. Qxc5 Qd7 33. Rd6 cxd6
34. Qxb6+ Ka8 35. Qa6+ 1-0

[Event "LYM - Maîtres vs Espoirs"]
[Site "Lausanne - Casino de Montbenon"]
[Date "2004.09.16"]
[Round "2"]
[White "Lamoureux, Charles"]
[Black "Tukmakov, Vladimir"]
[Result "1/2-1/2"]
[WhiteElo "2393"]
[BlackElo "2564"]
[PlyCount "87"]
[EventDate "2004.09.16"]

1. e4 c5 2. Nf3 d6 3. d4 cxd4 4. Nxd4 Nf6 5. Nc3 a6 6. Be2 e6 7. O-O Be7 8. f4
Qc7 9. Qe1 Nc6 10. Be3 Bd7 11. Qg3 b5 12. Nxc6 Bxc6 13. e5 Nd7 14. Qxg7 Rf8 15.
Bf3 dxe5 16. f5 exf5 17. Nd5 Bxd5 18. Bxd5 Bc5 19. Bxa8 Bxe3+ 20. Kh1 f4 21.
Rad1 Ke7 22. Be4 Nf6 23. Bxh7 e4 24. Rde1 Qe5 25. g4 Qd5 26. g5 Ne8 27. Qc3 Bd2
28. Bxe4 Bxc3 29. Bxd5+ Bxe1 30. Rxe1+ Kd6 31. Bf3 Ng7 32. h4 Rh8 33. Kg2 Rxh4
34. Rd1+ Ke7 35. Rd5 Ne6 36. a4 bxa4 37. Ra5 Nd4 38. Rxa6 Nxc2 39. Rxa4 Ne1+
40. Kf2 Nd3+ 41. Kg2 Ne1+ 42. Kf2 Nd3+ 43. Kg2 Ne1+ 44. Kf2 1/2-1/2

[Event "LYM - Maîtres vs Espoirs"]
[Site "Lausanne - Casino de Montbenon"]
[Date "2004.09.16"]
[Round "2"]
[White "Pinol, Fabrice"]
[Black "Raetsky, Alexander"]
[Result "1/2-1/2"]
[WhiteElo "2210"]
[BlackElo "2399"]
[PlyCount "66"]
[EventDate "2004.09.16"]

1. d4 d5 2. c4 e5 3. dxe5 d4 4. Nf3 Nc6 5. g3 Nge7 6. Bg2 Ng6 7. O-O Ngxe5 8.
Nbd2 Be7 9. Nb3 O-O 10. Nbxd4 Nxd4 11. Nxe5 Bf6 12. Nf3 Nc6 13. Qc2 Bg4 14. Be3
Qe7 15. a3 a5 16. Rad1 Rfd8 17. Qb3 a4 18. Qxb7 Bd7 19. Nd4 Na5 20. Qf3 Nxc4
21. Bc1 Rab8 22. Nc6 Bxc6 23. Rxd8+ Rxd8 24. Qxc6 Nxb2 25. Bxb2 Bxb2 26. Qxa4
Bxa3 27. Rd1 Bd6 28. e3 g6 29. Qc4 Rb8 30. h4 h5 31. Bd5 Rb2 32. Qe4 Qf6 33.
Qf3 Qxf3 1/2-1/2

[Event "LYM - Maîtres vs Espoirs"]
[Site "Lausanne - Casino de Montbenon"]
[Date "2004.09.16"]
[Round "2"]
[White "Antognini, Francesco"]
[Black "Carron, Julien"]
[Result "1/2-1/2"]
[WhiteElo "2193"]
[BlackElo "2273"]
[PlyCount "64"]
[EventDate "2004.09.16"]

1. e4 c5 2. Nf3 Nc6 3. d4 cxd4 4. Nxd4 e5 5. Nb5 d6 6. N1c3 a6 7. Na3 Be7 8.
Nc4 b5 9. Ne3 Nf6 10. Ned5 Nxd5 11. Nxd5 O-O 12. a4 Rb8 13. axb5 axb5 14. Bd3
Bg5 15. Be3 Bxe3 16. Nxe3 Ne7 17. O-O Qb6 18. Qh5 Be6 19. Rfd1 f6 20. Be2 Rfd8
21. Bg4 Bf7 22. Qh3 d5 23. exd5 Nxd5 24. Nxd5 Rxd5 25. Rxd5 Bxd5 26. Rd1 Bf7
27. Qd3 g6 28. Bf3 Kg7 29. Qd7 Qe6 30. Qa7 Qb6 31. Qd7 Qe6 32. Qa7 Qb6 1/2-1/2

[Event "LYM - Maîtres vs Espoirs"]
[Site "Lausanne - Casino de Montbenon"]
[Date "2004.09.16"]
[Round "2"]
[White "Gheorghiu, Florin"]
[Black "Marcelin, Cyril"]
[Result "1/2-1/2"]
[WhiteElo "2394"]
[BlackElo "2451"]
[PlyCount "22"]
[EventDate "2004.09.16"]

1. c4 e6 2. Nf3 Nf6 3. g3 d5 4. Bg2 dxc4 5. Qa4+ c6 6. Qxc4 b5 7. Qc2 Bb7 8.
O-O c5 9. a4 a6 10. axb5 axb5 11. Rxa8 Bxa8 1/2-1/2

[Event "LYM - Maîtres vs Espoirs"]
[Site "Lausanne - Casino de Montbenon"]
[Date "2004.09.16"]
[Round "3"]
[White "Carron, Julien"]
[Black "Gheorghiu, Florin"]
[Result "1/2-1/2"]
[WhiteElo "2273"]
[BlackElo "2394"]
[PlyCount "24"]
[EventDate "2004.09.16"]

1. d4 Nf6 2. c4 c5 3. d5 d6 4. Nc3 g6 5. g3 e6 6. Bg2 exd5 7. cxd5 Bg7 8. Nf3
O-O 9. O-O a6 10. a4 Re8 11. h3 Nbd7 12. Bf4 Nb6 1/2-1/2

[Event "LYM - Maîtres vs Espoirs"]
[Site "Lausanne - Casino de Montbenon"]
[Date "2004.09.16"]
[Round "3"]
[White "Raetsky, Alexander"]
[Black "Bucher, Denis"]
[Result "1-0"]
[WhiteElo "2399"]
[BlackElo "2357"]
[PlyCount "31"]
[EventDate "2004.09.16"]

1. c4 Nf6 2. Nc3 c5 3. Nf3 Nc6 4. d4 cxd4 5. Nxd4 g6 6. g3 d6 7. Bg2 Bd7 8. O-O
Bg7 9. Nb3 Qc8 10. Nd5 Ne5 11. Bg5 Nxd5 12. cxd5 Bh3 13. Rc1 Qd7 14. f3 O-O 15.
Bxh3 Qxh3 16. Bxe7 1-0

[Event "LYM - Maîtres vs Espoirs"]
[Site "Lausanne - Casino de Montbenon"]
[Date "2004.09.16"]
[Round "3"]
[White "Marcelin, Cyril"]
[Black "Pinol, Fabrice"]
[Result "1-0"]
[WhiteElo "2451"]
[BlackElo "2210"]
[PlyCount "69"]
[EventDate "2004.09.16"]

1. e4 d6 2. d4 Nf6 3. Nc3 g6 4. Be3 c6 5. Qd2 b5 6. Bd3 Nbd7 7. Nf3 Qc7 8. h3
Bb7 9. Ne2 e5 10. dxe5 dxe5 11. O-O Bg7 12. a4 O-O 13. Ng3 a6 14. c4 Rfd8 15.
Qc2 b4 16. c5 a5 17. Bc4 h6 18. Nd2 Nf8 19. f4 exf4 20. Bxf4 Qd7 21. Bd6 Ne6
22. Nf3 Ne8 23. Rad1 Nxd6 24. Rxd6 Qe8 25. Bxe6 fxe6 26. e5 Rxd6 27. exd6 Ba6
28. Re1 Ra7 29. Ne5 Bxe5 30. Rxe5 Kh7 31. Qe4 Bc8 32. Ne2 Rf7 33. Nd4 Qh8 34.
Nxe6 Qf6 35. Kh2 1-0

[Event "LYM - Maîtres vs Espoirs"]
[Site "Lausanne - Casino de Montbenon"]
[Date "2004.09.16"]
[Round "3"]
[White "Tukmakov, Vladimir"]
[Black "Antognini, Francesco"]
[Result "1-0"]
[WhiteElo "2564"]
[BlackElo "2193"]
[PlyCount "83"]
[EventDate "2004.09.16"]

1. Nf3 Nf6 2. c4 e6 3. Nc3 Bb4 4. Qb3 a5 5. g3 b6 6. Bg2 Bb7 7. O-O O-O 8. d3
d5 9. Bf4 Na6 10. Rfd1 Qe7 11. cxd5 Nxd5 12. Bg5 f6 13. Bd2 Qd7 14. d4 Bd6 15.
e4 Nxc3 16. Bxc3 Bxe4 17. Ne5 fxe5 18. Bxe4 exd4 19. Bxd4 Ra7 20. Qc2 h6 21.
Bh7+ Kh8 22. Qg6 e5 23. Bxe5 Qf7 24. Qxf7 Rxf7 25. Bg6 Rd7 26. Rd2 Ra8 27. Rad1
Rad8 28. Bf5 Rf7 29. g4 Rff8 30. Bxd6 cxd6 31. Rxd6 Rxd6 32. Rxd6 Rb8 33. Kg2
Nc7 34. Kf3 Ne8 35. Rc6 Nf6 36. h4 Kg8 37. g5 hxg5 38. hxg5 Ne8 39. Ke4 Kf8 40.
Bg6 Ke7 41. Bxe8 Kxe8 42. Kd5 1-0

[Event "LYM - Maîtres vs Espoirs"]
[Site "Lausanne - Casino de Montbenon"]
[Date "2004.09.16"]
[Round "3"]
[White "Huss, Andreas"]
[Black "Lamoureux, Charles"]
[Result "1/2-1/2"]
[WhiteElo "2334"]
[BlackElo "2393"]
[PlyCount "122"]
[EventDate "2004.09.16"]

1. d4 d6 2. Nf3 g6 3. e4 Bg7 4. Bd3 c5 5. d5 Nf6 6. Nbd2 O-O 7. O-O e6 8. dxe6
Bxe6 9. Re1 Nc6 10. c3 d5 11. exd5 Bxd5 12. Bc4 Re8 13. Rxe8+ Qxe8 14. Bxd5
Nxd5 15. Nc4 Rd8 16. Qb3 b5 17. Ne3 Ne5 18. Nxe5 Qxe5 19. Qxb5 Nf4 20. Qf1 h5
21. Nc4 Ne2+ 22. Kh1 Qe4 23. Bg5 Rd5 24. Nd2 Qg4 25. Nf3 Nf4 26. Bxf4 Qxf4 27.
Rd1 Rf5 28. Qe2 g5 29. Qd2 g4 30. Nh4 Qxd2 31. Rxd2 Re5 32. g3 Bh6 33. Rd8+ Kg7
34. Rd7 a5 35. c4 Bc1 36. b3 Re2 37. Kg1 Rxa2 38. Rd5 Bb2 39. Rxc5 Kf6 40. Nf5
Bc3 41. Ne3 Kg6 42. Rb5 Be1 43. Nd1 Rd2 44. Rd5 Rxd5 45. cxd5 Kf5 46. Kf1 Bb4
47. Ke2 Ke4 48. Ne3 f5 49. Ng2 Bd6 50. Nh4 f4 51. gxf4 Bxf4 52. f3+ Kxd5 53.
fxg4 hxg4 54. Ng2 Bxh2 55. Ne3+ Kd4 56. Nxg4 Bf4 57. Nf6 Bg5 58. Nd7 Bd8 59.
Kd2 Kd5 60. Kc3 Kd6 61. Kc4 Kxd7 1/2-1/2

[Event "LYM - Maîtres vs Espoirs"]
[Site "Lausanne - Casino de Montbenon"]
[Date "2004.09.17"]
[Round "4"]
[White "Antognini, Francesco"]
[Black "Huss, Andreas"]
[Result "0-1"]
[WhiteElo "2193"]
[BlackElo "2334"]
[PlyCount "73"]
[EventDate "2004.??.??"]

1. e4 e6 2. d4 d5 3. Nd2 c5 4. exd5 exd5 5. Bb5+ Nc6 6. Ngf3 Bd6 7. O-O Nge7 8.
dxc5 Bxc5 9. c4 O-O 10. Nb3 Bd6 11. c5 Bc7 12. Bd3 h6 13. h3 Nf5 14. Bxf5 Bxf5
15. Nbd4 Be4 16. Nxc6 bxc6 17. Nd4 Qf6 18. Be3 Rfe8 19. Qd2 a5 20. Ne2 Qg6 21.
f3 Bf5 22. Kf2 Bd3 23. Rfe1 Bxe2 24. Rxe2 Re6 25. Kf1 Rae8 26. Rae1 Bg3 27. Bf2
Rxe2 28. Rxe2 Qb1+ 29. Qe1 Rxe2 30. Qxb1 Rxf2+ 31. Kg1 Re2 32. Kf1 Rf2+ 33. Kg1
Re2 34. Kf1 Re3 35. a4 d4 36. b4 d3 37. Qd1 0-1

[Event "LYM - Maîtres vs Espoirs"]
[Site "Lausanne - Casino de Montbenon"]
[Date "2004.09.17"]
[Round "4"]
[White "Carron, Julien"]
[Black "Tukmakov, Vladimir"]
[Result "1/2-1/2"]
[WhiteElo "2273"]
[BlackElo "2564"]
[PlyCount "63"]
[EventDate "2004.??.??"]

1. d4 Nf6 2. c4 g6 3. Nc3 d5 4. cxd5 Nxd5 5. e4 Nxc3 6. bxc3 Bg7 7. Be3 c5 8.
Qd2 Qa5 9. Rc1 cxd4 10. cxd4 Qxd2+ 11. Kxd2 O-O 12. Nf3 Rd8 13. Ke1 Bg4 14. Be2
e6 15. Ne5 Bxe2 16. Kxe2 Bxe5 17. dxe5 Nc6 18. f4 Rd7 19. Rhd1 Rad8 20. Rxd7
Rxd7 21. Bc5 Kg7 22. Rc3 h5 23. Ra3 a6 24. Rc3 f6 25. exf6+ Kxf6 26. Bb6 e5 27.
fxe5+ Kxe5 28. Rg3 Kxe4 29. Rxg6 Ne5 30. Re6 Kf5 31. Rh6 Nc4 32. Be3 1/2-1/2

[Event "LYM - Maîtres vs Espoirs"]
[Site "Lausanne - Casino de Montbenon"]
[Date "2004.09.17"]
[Round "4"]
[White "Gheorghiu, Florin"]
[Black "Pinol, Fabrice"]
[Result "1-0"]
[WhiteElo "2394"]
[BlackElo "2210"]
[PlyCount "81"]
[EventDate "2004.??.??"]

1. c4 c6 2. d4 d5 3. Nf3 Nf6 4. Qb3 e6 5. g3 Be7 6. Bg2 Qa5+ 7. Nbd2 O-O 8. O-O
c5 9. cxd5 exd5 10. dxc5 Na6 11. Qd1 Nxc5 12. Nd4 Nce4 13. N2f3 Bd6 14. Nb3 Qd8
15. Be3 Re8 16. Bd4 Bg4 17. Rc1 Qe7 18. Qd3 h5 19. Rcd1 a5 20. Bxf6 Nxf6 21.
Nbd4 Bc5 22. e3 Ne4 23. Rc1 Ra6 24. Nh4 g5 25. Nhf5 Qe5 26. f3 Bxf5 27. Nxf5
Nd6 28. Nh6+ Kg7 29. Rxc5 Kxh6 30. Re1 Qxb2 31. Rxd5 Qf6 32. Rd1 Nc8 33. f4 g4
34. e4 Qb6+ 35. Kh1 Qb2 36. e5 Rc6 37. Rb5 Qxa2 38. Bxc6 bxc6 39. Rc5 Qa4 40.
Qd4 Qxd4 41. Rxc6+ 1-0

[Event "LYM - Maîtres vs Espoirs"]
[Site "Lausanne - Casino de Montbenon"]
[Date "2004.09.17"]
[Round "4"]
[White "Bucher, Denis"]
[Black "Marcelin, Cyril"]
[Result "0-1"]
[WhiteElo "2357"]
[BlackElo "2451"]
[PlyCount "71"]
[EventDate "2004.09.16"]

1. e4 c6 2. d4 d5 3. Nc3 dxe4 4. Nxe4 Bf5 5. Ng3 Bg6 6. Nf3 Nf6 7. h4 Nh5 8.
Nxh5 Bxh5 9. Qd3 Bxf3 10. Qxf3 Qxd4 11. c3 Qd5 12. Qg4 Nd7 13. Be3 Ne5 14. Qa4
g6 15. Qb3 Qxb3 16. axb3 Bg7 17. Bxa7 O-O 18. f4 Nd7 19. Be2 Nc5 20. Ra3 Ne4
21. Bd3 Ng3 22. Rh3 Nh5 23. g3 f5 24. Be2 Nf6 25. Bf3 e5 26. fxe5 Nd7 27. e6
Rfe8 28. Kf2 Rxe6 29. Rh1 Ne5 30. Rd1 Bf8 31. b4 Nc4 32. Ra2 Bh6 33. Be2 Nd6
34. Raa1 Rxa7 35. Rxd6 Be3+ 36. Kf3 0-1

[Event "LYM - Maîtres vs Espoirs"]
[Site "Lausanne - Casino de Montbenon"]
[Date "2004.09.17"]
[Round "4"]
[White "Lamoureux, Charles"]
[Black "Raetsky, Alexander"]
[Result "0-1"]
[WhiteElo "2393"]
[BlackElo "2399"]
[PlyCount "106"]
[EventDate "2004.??.??"]

1. Nf3 d5 2. g3 g6 3. Bg2 Bg7 4. d3 Nc6 5. O-O e5 6. e4 Nge7 7. Nc3 d4 8. Ne2
O-O 9. c3 Bg4 10. Ne1 Qd7 11. Nc2 dxc3 12. bxc3 Rad8 13. Ne3 Be6 14. Ba3 Rfe8
15. Nc1 Na5 16. Qc2 b6 17. Bb2 f5 18. Rd1 c5 19. c4 Nec6 20. Ne2 Rf8 21. Nd5
fxe4 22. Bxe4 Qf7 23. f4 exf4 24. Ndxf4 Bg4 25. Rf1 Bxb2 26. Qxb2 Qg7 27. Qxg7+
Kxg7 28. Rae1 g5 29. Nd5 Rxf1+ 30. Kxf1 Rf8+ 31. Kg2 Bxe2 32. Rxe2 Nd4 33. Re1
Nac6 34. h4 gxh4 35. gxh4 Nb4 36. Kh3 Kh6 37. Ne3 Nbc2 38. Ng4+ Kg7 39. Rg1 Ne2
40. Rd1 h5 41. Nh2 Ncd4 42. Nf1 Rf2 43. Ne3 Nf3 44. Ng2 Kf6 45. a4 Ke5 46. a5
bxa5 47. Ra1 Nfg1+ 48. Kh2 Nf3+ 49. Kh3 Kd4 50. Bd5 a4 51. Bf7 Nfg1+ 52. Kh2
Rxf7 53. Rxa4 Nf3+ 0-1

[Event "LYM - Maîtres vs Espoirs"]
[Site "Lausanne - Casino de Montbenon"]
[Date "2004.09.17"]
[Round "5"]
[White "Pinol, Fabrice"]
[Black "Bucher, Denis"]
[Result "1-0"]
[WhiteElo "2210"]
[BlackElo "2357"]
[PlyCount "117"]
[EventDate "2004.??.??"]

1. d4 Nf6 2. Nf3 c5 3. e3 d5 4. Nbd2 e6 5. b3 Be7 6. Bd3 Nbd7 7. O-O b6 8. Bb2
Bb7 9. Rc1 Qc7 10. c4 O-O 11. dxc5 bxc5 12. b4 a6 13. cxd5 Nxd5 14. bxc5 Nxc5
15. Nb3 Qb6 16. Bd4 Rac8 17. Ne5 Nf6 18. Ng4 Nfd7 19. Nh6+ gxh6 20. Qg4+ Bg5
21. f4 f5 22. Qg3 Qd6 23. Nxc5 Rxc5 24. Bxc5 Nxc5 25. Bb1 Ne4 26. Bxe4 Bxe4 27.
fxg5 Qxg3 28. hxg3 hxg5 29. Rc7 Rb8 30. Rd1 Bd5 31. Rd2 Rb1+ 32. Kh2 g4 33. Ra7
Rb6 34. Rc2 Bc6 35. a4 a5 36. Re7 Rb7 37. Rxb7 Bxb7 38. Rc7 Bd5 39. Ra7 Kf8 40.
Kg1 Ke8 41. Rxa5 Kd7 42. Rc5 Bc6 43. a5 Kd6 44. Rc3 Kc7 45. e4 fxe4 46. Kf2 Kb7
47. a6+ Kb6 48. a7 Ba8 49. Ra3 Kb5 50. Ke3 e5 51. Ra2 Kb6 52. Ra1 Kb5 53. Rh1
Ka6 54. Rxh7 Bd5 55. Rd7 Ba8 56. Re7 Kb6 57. Rxe5 Kxa7 58. Ra5+ Kb8 59. Rxa8+
1-0

[Event "LYM - Maîtres vs Espoirs"]
[Site "Lausanne - Casino de Montbenon"]
[Date "2004.09.17"]
[Round "5"]
[White "Huss, Andreas"]
[Black "Carron, Julien"]
[Result "0-1"]
[WhiteElo "2334"]
[BlackElo "2273"]
[PlyCount "54"]
[EventDate "2004.??.??"]

1. d4 Nf6 2. c4 e6 3. Nf3 b6 4. Nc3 Bb4 5. Qc2 Bb7 6. a3 Bxc3+ 7. Qxc3 O-O 8.
e3 d6 9. Bd3 Nbd7 10. O-O Ne4 11. Qc2 f5 12. Nd2 Qh4 13. f3 Ng5 14. d5 Rf6 15.
f4 Nh3+ 16. gxh3 Rg6+ 17. Kh1 Qxh3 18. Rf2 exd5 19. cxd5 Nf6 20. Nf3 Ng4 21.
Bc4 b5 22. Bb3 Re8 23. Qe2 Nxf2+ 24. Qxf2 Kh8 25. Nd4 Re4 26. Ba2 Rxd4 27. exd4
Qd3 0-1

[Event "LYM - Maîtres vs Espoirs"]
[Site "Lausanne - Casino de Montbenon"]
[Date "2004.09.17"]
[Round "5"]
[White "Tukmakov, Vladimir"]
[Black "Gheorghiu, Florin"]
[Result "1-0"]
[WhiteElo "2564"]
[BlackElo "2539"]
[PlyCount "123"]
[EventDate "2004.09.16"]

1. d4 Nf6 2. Nf3 c5 3. d5 g6 4. Nc3 d6 5. e4 Bg4 6. h3 Bxf3 7. Qxf3 Bg7 8. Be2
a6 9. a4 Nbd7 10. a5 e6 11. dxe6 fxe6 12. Bf4 Ne5 13. Bxe5 dxe5 14. Bc4 Qe7 15.
Na4 O-O 16. Qe3 Rac8 17. O-O Rfd8 18. c3 Ne8 19. Nb6 Rc7 20. Rfd1 Nd6 21. Qe2
Bf6 22. Ba2 Kg7 23. Rd3 Nf7 24. Rad1 Rxd3 25. Rxd3 h6 26. Qd1 Qe8 27. Bb3 Qc6
28. Rd7 Rxd7 29. Qxd7 Qxd7 30. Nxd7 Nd8 31. Nxc5 Kf7 32. Ba4 Be7 33. Nd7 Bd6
34. h4 Bc7 35. b4 Ke7 36. Kf1 Nf7 37. Ke2 Bd6 38. Kd3 g5 39. hxg5 Nxg5 40. g3
Nh7 41. Nb6 Bc7 42. c4 Nf6 43. Bd1 Bxb6 44. axb6 Kd7 45. c5 Kd8 46. Bb3 Kd7 47.
Ba4+ Kd8 48. Bb3 Kd7 49. Bd1 Kd8 50. Bf3 Kd7 51. Kc4 Kd8 52. Kb3 Kd7 53. Ka4
Kc6 54. Ka5 Kd7 55. b5 axb5 56. Kxb5 Ng8 57. Bh5 Ne7 58. Bd1 Nc6 59. Kc4 Kd8
60. g4 Ke7 61. Ba4 Nd8 62. g5 1-0

[Event "LYM - Maîtres vs Espoirs"]
[Site "Lausanne - Casino de Montbenon"]
[Date "2004.09.17"]
[Round "5"]
[White "Raetsky, Alexander"]
[Black "Antognini, Francesco"]
[Result "1-0"]
[WhiteElo "2399"]
[BlackElo "2193"]
[PlyCount "97"]
[EventDate "2004.09.16"]

1. d4 e6 2. c4 Nf6 3. g3 c5 4. Nf3 cxd4 5. Nxd4 Qc7 6. Nd2 Nc6 7. Nb5 Qb8 8.
Bg2 a6 9. Nc3 b5 10. O-O Be7 11. a3 O-O 12. b4 Rd8 13. c5 Bb7 14. Nde4 a5 15.
Bf4 e5 16. Bg5 axb4 17. axb4 Nxe4 18. Nxe4 Rxa1 19. Qxa1 f6 20. Qa2+ Kh8 21.
Bd2 Qa8 22. Ra1 Nd4 23. Qb2 Qb8 24. Bc3 d5 25. cxd6 Bxd6 26. Bxd4 Bxe4 27. Bxe4
exd4 28. Ra8 Qc7 29. Rxd8+ Qxd8 30. Qxd4 Qe7 31. Qd3 g6 32. Bd5 Bxb4 33. Qxb5
Bd6 34. Kg2 Kg7 35. h4 Be5 36. Bc4 Qd6 37. Qb7+ Qc7 38. Qd5 Qd6 39. Qb7+ Qc7
40. Qd5 Qd6 41. Qf7+ Kh6 42. g4 Bd4 43. Bd5 Bc5 44. e3 Qe5 45. f4 Qb2+ 46. Kg3
g5 47. hxg5+ fxg5 48. fxg5+ Kxg5 49. Qf5+ 1-0

[Event "LYM - Maîtres vs Espoirs"]
[Site "Lausanne - Casino de Montbenon"]
[Date "2004.09.17"]
[Round "5"]
[White "Marcelin, Cyril"]
[Black "Lamoureux, Charles"]
[Result "1-0"]
[WhiteElo "2451"]
[BlackElo "2393"]
[PlyCount "73"]
[EventDate "2004.09.16"]

1. c4 e5 2. Nc3 Nc6 3. g3 g6 4. Bg2 Bg7 5. e4 d6 6. Nge2 Be6 7. Nd5 Qd7 8. d3
Nd8 9. O-O c6 10. Ne3 Bh3 11. f4 Bxg2 12. Kxg2 Nf6 13. Qb3 exf4 14. Nxf4 O-O
15. Bd2 Ng4 16. Nxg4 Qxg4 17. Bc3 Bxc3 18. Qxc3 Ne6 19. Rf2 Nxf4+ 20. Rxf4 Qe6
21. Raf1 Rad8 22. Qa5 a6 23. b3 Rd7 24. Qb6 Qe5 25. Qf2 Qe7 26. Qd4 Qe5 27. Qf2
Qe7 28. Re1 Re8 29. h4 h5 30. Rf6 c5 31. Rf1 b5 32. Qf4 bxc4 33. bxc4 Rb8 34.
Rf2 Rb6 35. g4 hxg4 36. h5 gxh5 37. Qh6 1-0

[Event "LYM - Maîtres vs Espoirs"]
[Site "Lausanne - Casino de Montbenon"]
[Date "2004.09.18"]
[Round "6"]
[White "Antognini, Francesco"]
[Black "Marcelin, Cyril"]
[Result "0-1"]
[WhiteElo "2193"]
[BlackElo "2451"]
[PlyCount "52"]
[EventDate "2004.09.16"]

1. e4 c6 2. d4 d5 3. exd5 cxd5 4. c4 Nf6 5. Nc3 e6 6. Nf3 Be7 7. cxd5 Nxd5 8.
Bd3 Nc6 9. O-O O-O 10. Re1 Bf6 11. Be4 Nce7 12. a3 Bd7 13. Qd3 h6 14. Bd2 Bc6
15. Ne5 Bxe5 16. dxe5 Nxc3 17. Bxc3 Qxd3 18. Bxd3 Rfd8 19. Bf1 Nd5 20. Bd2 a6
21. Rac1 Bb5 22. Bxb5 axb5 23. Rc5 Rac8 24. Rxb5 Nc7 25. Rc5 Rxd2 26. Rec1 Rcd8
0-1

[Event "LYM - Maîtres vs Espoirs"]
[Site "Lausanne - Casino de Montbenon"]
[Date "2004.09.18"]
[Round "6"]
[White "Lamoureux, Charles"]
[Black "Pinol, Fabrice"]
[Result "1/2-1/2"]
[WhiteElo "2393"]
[BlackElo "2210"]
[PlyCount "111"]

1. e4 d6 2. d4 Nf6 3. Nc3 g6 4. Nf3 Bg7 5. Be2 O-O 6. O-O c6 7. a4 Nbd7 8. Re1
e5 9. Bf1 Re8 10. a5 exd4 11. Nxd4 Nc5 12. f3 d5 13. e5 Nfd7 14. f4 f6 15. b4
fxe5 16. fxe5 Ne6 17. Nf3 Qc7 18. Bb2 Nxe5 19. Rxe5 Bxe5 20. Nxd5 Bxh2+ 21.
Nxh2 cxd5 22. Ng4 Qf4 23. Be5 Qg5 24. Bf6 Qf4 25. Be5 Qg5 26. Nf6+ Kf7 27. Qxd5
Qe3+ 28. Kh1 Rd8 29. Qe4 Qxe4 30. Nxe4 Rd5 31. Bb2 Bd7 32. c4 Rh5+ 33. Kg1 Bc6
34. Nd6+ Ke7 35. c5 Rh4 36. Bc3 Rf8 37. Re1 Rg4 38. b5 Bd5 39. Re5 Rgf4 40. Be2
Bb3 41. Nxb7 Bc4 42. Bxc4 Rxc4 43. Re3 Rff4 44. a6 Rfe4 45. Rxe4 Rxe4 46. b6
Rf4 47. Be5 Ra4 48. Na5 Rxa5 49. b7 Rb5 50. c6 Kd8 51. b8=Q+ Rxb8 52. Bxb8 Nc7
53. Bxa7 Nxa6 54. Bb6+ Kc8 55. Kf2 Nb4 56. Kf3 1/2-1/2

[Event "LYM - Maîtres vs Espoirs"]
[Site "Lausanne - Casino de Montbenon"]
[Date "2004.09.18"]
[Round "6"]
[White "Carron, Julien"]
[Black "Raetsky, Alexander"]
[Result "1/2-1/2"]
[WhiteElo "2273"]
[BlackElo "2399"]
[PlyCount "48"]

1. d4 d5 2. Nf3 Nc6 3. c4 Bg4 4. cxd5 Bxf3 5. gxf3 Qxd5 6. e3 e5 7. Nc3 Bb4 8.
Bd2 Bxc3 9. bxc3 Qd6 10. f4 exf4 11. e4 Nge7 12. Qf3 O-O 13. Bxf4 Qa3 14. Be2
f5 15. O-O Ng6 16. Bxc7 Qe7 17. exf5 Qxc7 18. Qd5+ Kh8 19. fxg6 Ne7 20. Qh5
Nxg6 21. Bd3 Rf6 22. c4 Qf4 23. d5 Re8 24. Kh1 Re5 1/2-1/2

[Event "LYM - Maîtres vs Espoirs"]
[Site "Lausanne - Casino de Montbenon"]
[Date "2004.09.18"]
[Round "6"]
[White "Gheorghiu, Florian"]
[Black "Bucher, Denis"]
[Result "1/2-1/2"]
[WhiteElo "2394"]
[BlackElo "2357"]
[PlyCount "27"]

1. d4 Nf6 2. Nf3 d5 3. c4 c6 4. cxd5 cxd5 5. Nc3 Nc6 6. Bf4 a6 7. e3 Bg4 8. Be2
e6 9. O-O Bd6 10. Bxd6 Qxd6 11. Rc1 O-O 12. Ne1 Bxe2 13. Qxe2 Nd7 14. Nd3
1/2-1/2